Black skin, white masks
Αποθηκεύτηκε σε:
| Κύριος συγγραφέας: | |
|---|---|
| Άλλοι συγγραφείς: | |
| Μορφή: | Βιβλίο |
| Γλώσσα: | English French |
| Δημοσίευση: |
New York :
Grove Press,
2008.
|
| Θέματα: | |
| Ετικέτες: |
Προσθήκη ετικέτας
Δεν υπάρχουν, Καταχωρήστε ετικέτα πρώτοι!
|
MARC
| LEADER | 00000cam a2200000 i 4500 | ||
|---|---|---|---|
| 001 | 1/3686 | ||
| 008 | 100126s2008 nyu| ||| |||| ||eng|| | ||
| 020 | |a 9780802143008 | ||
| 020 | |a 0802143008 | ||
| 035 | |l 10106462 | ||
| 040 | |a GR-MyUA |b gre |e AACR2 | ||
| 041 | 1 | |a eng |h fre | |
| 082 | 0 | |a 305.896 |2 (22) | |
| 100 | 1 | |a Fanon, Frantz |d 1925-1961. | |
| 245 | 1 | 0 | |a Black skin, white masks / |c Frantz Fanon ; translated from the French by Richard Philcox. |
| 260 | |a New York : |b Grove Press, |c 2008. | ||
| 300 | |a xviii, 206 σ. ; |c 21 εκ. | ||
| 500 | |a Τίτλος πρωτοτύπου: Peau noire, masques blancs. | ||
| 504 | |a Περιέχει βιβλιογραφικές παραπομπές. | ||
| 650 | 0 | 0 | |a Black race |x Social conditions. |
| 650 | 0 | 0 | |a Black race |x Psychology. |
| 700 | 1 | |a Philcox, Richard, |e trl | |
| 852 | |a INST |b LESVOS |e 20100126 |h 305.896 FAN |p 005100045818 |q 005100045818 |t BK |y 0 | ||
| 901 | |a BIBL1-2010-1 | ||
| 909 | |a Λ |b 160670 | ||
| 970 | |a ΓΙΑΛΑΜΑ |b ΜΑΡΙΑ |z 2010/01/26 | ||